Responses for Show #3750 - Friday, December 15, 2000

Contestants

[<< previous game]

Roland Hess, a network administrator from Pittsburgh, Pennsylvania

Elizabeth Elliott, a bookstore manager from Bend, Oregon

John Draz, a culinary school instructor from Chicago, Illinois (whose 2-day cash winnings total $17,801)

[next game >>]

Jeopardy! Round responses

HISTORY
WHOSE LINE IS IT ANYWAY?
WORLD OF BEERS
(Alex: You have to identify each beer's country of origin.)
"BLUE" MOVIES
PUBLISH
PARISH
(Alex: In this case, a whole category about Louisiana parishes.)
    $100 16
China

John
    $100 21
(Elizabeth: Who was FDR?)

Winston Churchill

JohnElizabeth
    $100 1
Mexico

John
    $100 6
Blue Velvet

John
    $100 26
Mifflin

Roland
    $100 11
Orleans

Elizabeth
    $200 17
Islam

John
    $200 22
(Alex: [Doing imitation] Yesss, that's right, yesss!)

W.C. Fields

John
    $200 2
Ireland

Elizabeth
    $200 7
Mickey Blue Eyes

Roland
    $200 27
Time-Life Books

Triple Stumper
    $200 12
Saint

John
    $300 18
Panama Canal

John
    $300 23
Monica Lewinsky

John
    $300 3
(Elizabeth: What is Germany?)

Denmark

JohnElizabeth
    $300 8
Deep Blue Sea

Roland
    $300 28
James Brown

Elizabeth
    $300 13
Jefferson Davis

Elizabeth
    $400 19
Albert Einstein

John
    $400 24
Ronald Reagan

Roland
    $400 4
Netherlands (Holland)

John
    $400 9
The Blue Lagoon

Elizabeth
    $400 29
Pocket book

John
    $200 14
(Elizabeth: What is the Blue River?)

Red River

Elizabeth
    $500 20
Peregrine White

Triple Stumper
    $500 25
(John: Who is Vince Lombardi?)

Joe Namath (and they did in Super Bowl III)

John
Triple Stumper
    $500 5
Italy

Elizabeth
    $500 10
Blue Hawaii (starring Elvis)

John
    $500 30
Scholastic

Elizabeth
    $500 15
(Roland: What are the Ascension parishes?)
(Alex: Need two of them...)

Ascension & Assumption

JohnRoland

Scores at the first commercial break (after clue 15):

John Elizabeth Roland
$2,100 $1,000 $0

Scores at the end of the Jeopardy! Round:

John Elizabeth Roland
$3,600 $1,700 $500

Double Jeopardy! Round responses

DUTCH ROYALTY
2 OUT OF 3
"C" BIRDS
SINGING TV STARS
BOOKS FOR YOUR DOG
FAMILIAR PHRASES
    $200 26
Queen Beatrix

John
    $200 12
Bach, Beethoven & Brahms

Elizabeth
    $200 1
Cardinal

Elizabeth
    $200 21
Scott Baio

Roland
    $200 2
"101 Dalmatians"

Elizabeth
    $200 7
P.T. Barnum

Elizabeth
    $400 27
Duke of Wellington

Elizabeth
    $400 13
Chrysler, Ford & General Motors

John
    $400 17
a cuckoo

Roland
    $400 22
Richard Chamberlain

Elizabeth
    $400 3
Toto

Elizabeth
    $400 8
Well I'll be a monkey's uncle!

Triple Stumper
    $600 28
(Elizabeth: Who was Christina?)
[The end-of-round signal sounds.]

Queen Wilhelmina

Elizabeth
Triple Stumper
    $1,000 14
(2 of) East of Eden, Giant & Rebel Without a Cause

John
    $600 18
Crane

Roland
    $600 23
Miami Vice

Elizabeth
    $600 4
Ulysses

Roland
    $1,000 9
(Elizabeth: What is a teacher's pet?)

apple polisher

Elizabeth
    $800 15
Apollo, Gemini & Mercury

John
    $800 19
(Roland: What is the kookaburra?)
(John: What is an emu?)

cassowary

JohnRoland
Triple Stumper
    $800 24
(Alex: Less than a minute to go.)

Kristy McNichol

John
    $800 5
Jack London

Roland
    $800 10
Do you want/would you like fries with that?

Roland
    $1000 16
St. Croix, St. John & St. Thomas

Triple Stumper
    $1000 20
Cormorants

Triple Stumper
    $1000 25
Bye Bye Birdie

Elizabeth
    $1000 6
(John: What is Old Yeller?)
[Initially ruled incorrect; reversed before clue 9]
...
(Alex: [Before clue 9] Correction in scoring, John. Old Yeller was named, we thought, primarily because of his color, but also because of his howling voice.)

Sounder

John
    $1000 11
Open up and say "Ahh!"

Roland

Scores at the end of the Double Jeopardy! Round:

John Elizabeth Roland
$7,000 $3,700 $4,100

[wagering suggestions for these scores]

Final Jeopardy! Round responses

SCIENCE NEWS
(UCSC: University of California at Santa Cruz)
(Alex: (looking at the judges about John's response) He didn't put "Project", but we'll accept it.)
ElizabethWhat is The Human Genome Project?
$3,500
RolandWhat is The Human Genome Project?
$4,099
JohnWhat is The Human Genome?
$1,201
The Human Genome Project

Final scores:

John Elizabeth Roland
$8,201 $7,200 $8,199
3-day champion: $26,002 3rd place: Zenith 36" High-Resolution TV 2nd place: Trip to Venetian Hotel & Resort, Las Vegas

Game dynamics:

Coryat scores:

John Elizabeth Roland
$6,600 $4,900 $4,100
21 R
(including 1 DD),
2 W
16 R,
5 W
(including 2 DDs)
11 R,
2 W

Combined Coryat: $15,600

[game clues] [game scores] [suggest correction]

Game tape date: 2000-10-24
The J! Archive is created by fans, for fans. Scraping, republication, monetization, and malicious use prohibited; this site may use cookies and collect identifying information. See terms. The Jeopardy! game show and all elements thereof, including but not limited to copyright and trademark thereto, are the property of Jeopardy Productions, Inc. and are protected under law. This website is not affiliated with, sponsored by, or operated by Jeopardy Productions, Inc. Join the discussion at JBoard.tv.